000 01381nam a22002777a 4500
999 _c21946
_d21946
003 AR-CdUCM
008 190425b ||||| |||| 00| 0 spa d
040 _aMUNICIPALIDAD PROVINCIAL DEL CUSCO
_cBIBLIOTECA MUNICIPAL DEL CUSCO
082 _aRev.Anto/N°118/2011
110 _aUniversidad Nacional de San Antonio Abad del Cusco
_915942
245 _aEl Antoniano :
_bRevista científico cultural de la Universidad Nacional de San Antonio Abad del Cusco /
_cHugo Bonet Rodríguez, director
260 _aCusco :
_bUNSAAC,
_c2011.
300 _a218 páginas. :
_bilustraciones ;
_c29 cm.
440 _aEl Antononiano.
_nAño 21, N°118, 2011.
_946956
505 _aContenido: Valcárcel y Machupicchu. Jorge Flores Ochoa. -- Hiram Bingham el traficante de Machupicchu. Enrique Portugal. -- Cusco riesgos y planificación urbana. Mario Castillo. -- Desarrollo sostenible para el Cusco. -- Valoración del Parque Arqueológico de Sacsaywaman. -- La ruta de la Lana. Diana Castillo Cerf. ...
650 _aFolklore cusqueño
_98693
650 _aIdentidad cultural
_92943
650 _aInkas
_91899
650 _aAntropología cusqueña
_945862
700 _aFlores Ochoa, Jorge
_92915
700 _aMorvelí Salas, Mario
_97203
700 _aCastillo Cerf, Diana
_946957
710 _aUniversidad Nacional de San Antonio Abad del Cusco
_915942
942 _2ddc
_cPP
945 _arac